书目信息 |
| 题名: |
谈修养
|
|
| 作者: | 朱光潜 著 | |
| 分册: | ||
| 出版信息: | 重庆 重庆出版社 2019.3 |
|
| 页数: | 263页 | |
| 开本: | 21cm | |
| 丛书名: | ||
| 单 册: | ||
| 中图分类: | B825.4-49 | |
| 科图分类: | ||
| 主题词: | 个人--ge ren--修养--青年读物 | |
| 电子资源: | ||
| ISBN: | 978-7-229-13577-5 | |
| 000 | 00788nam0 2200241 450 | |
| 001 | 2156232011 | |
| 005 | 20211011172911.0 | |
| 010 | @a978-7-229-13577-5@dCNY38.00 | |
| 100 | @a20190226d2019 em y0chiy50 ea | |
| 101 | 0 | @achi |
| 102 | @aCN@b500000 | |
| 105 | @ay z 000yy | |
| 106 | @ar | |
| 200 | 1 | @a谈修养@Atan xiu yang@e原著版@f朱光潜著 |
| 210 | @a重庆@c重庆出版社@d2019.3 | |
| 215 | @a263页@d21cm | |
| 300 | @a朱光潜作品 | |
| 330 | @a本书收录了《谈立志》《朝抵抗力最大的路径走》《谈青年的心理病态》《个人本位与社会本位的伦理观》《谈恻隐之心》《谈学问》《谈读书》等文章。 | |
| 606 | 0 | @a个人@Age ren@x修养@j青年读物 |
| 690 | @aB825.4-49@v5 | |
| 701 | 0 | @a朱光潜@Azhu guang qian@f(1897-1986)@4著 |
| 801 | 0 | @aCN@b百万庄@c20211005 |
| 905 | @b1304626-29@dB825.4-49@e1865@f4 | |
| 谈修养:原著版/朱光潜著.-重庆:重庆出版社,2019.3 |
| 263页;21cm |
| 朱光潜作品 |
| ISBN 978-7-229-13577-5:CNY38.00 |
| 本书收录了《谈立志》《朝抵抗力最大的路径走》《谈青年的心理病态》《个人本位与社会本位的伦理观》《谈恻隐之心》《谈学问》《谈读书》等文章。 |
| ● |
| 相关链接 |
|
|
|
|
正题名:谈修养
索取号:B825.4-49/1865
 
预约/预借
| 序号 | 登录号 | 条形码 | 馆藏地/架位号 | 状态 | 备注 |
| 1 | 1304626 | 213046265 | 第一样本阅览室/ [索取号:B825.4-49/1865] | 在馆 | |
| 2 | 1304627 | 213046274 | 第一借阅区/ [索取号:B825.4-49/1865] | 在馆 | |
| 3 | 1304628 | 213046283 | 第一借阅区/ [索取号:B825.4-49/1865] | 在馆 | |
| 4 | 1304629 | 213046292 | 第一借阅区/ [索取号:B825.4-49/1865] | 在馆 |